KPOP: Guess the song by lyrics (Part 4) - Statistics

General Stats
  • This quiz has been taken 226 times
  • The average score is 6 of 20
Answer Stats
Lyrics Name % Correct
Love you so bad, love you so bad. Fake Love
64%
Who dat, who dat, who dat boy. Bad Boy
57%
You make me feel so high. I’m so crazy. Energetic
50%
Nal neomuneomuneomu neomuneomuneomu Very Very Very
47%
Michin geotcheoreom geurae michin geotcheoreom. Crazy
44%
Neol barabogo isseodo missing you. Seotun nal won’t you set me free. As If It's Your Last
43%
BBkeurim papapa. Ripseutigeul mammamma, Likey
40%
Careless, careless. Shoot anonymous, anonymous. Hearless, mindless. MAMA
38%
Ppalgan mat. Gunggeumhae Honey. Red Flavor
38%
Don't wanna be lonely. Just wanna be yours. Save Me
37%
Urin jeonsaengedo ama daeum saengedo yeongweoni hamkkenikka. DNA
21%
Sutuduru johahaeyo. Me Gustas Tu
19%
Baby who the X. I'm a X. Jealousy
15%
If you wanna pretty. Every wanna pretty Pretty girl
9%
Naega naega naega meonjeo. Sorry Sorry
8%
Chachachachagaweo. Yerineun weroweo. Sunny Summer
8%
Wae yeppeun nal dugo. Gashina
6%
Kkeullimyeon ikkeullyeo Na na now. La Vie en Rose
6%
Make a love baby. Just make a love. Feeling in my heart. Beautiful
4%
Clouds are schrouding us into the dark Baby
3%
No matching quizzes found
Score Distribution
Percent of People with Each Score
Percentile by Number Answered
Your Score History
You have not taken this quiz